Astrophilatelie: Handbuch fur den Weltraumsammler (Record no. 2671)
[ view plain ]
| 000 -LEADER | |
|---|---|
| fixed length control field | 00472nam a22000977a 4500 |
| 008 - FIXED-LENGTH DATA ELEMENTS--GENERAL INFORMATION | |
| fixed length control field | 180312b xxu||||| |||| 00| 0 eng d |
| 100 ## - MAIN ENTRY--AUTHOR'S NAME | |
| Author's Name | Pfau, H. |
| 245 ## - TITLE STATEMENT | |
| Title | Astrophilatelie: Handbuch fur den Weltraumsammler |
| Remainder of title | Astrophilatly; Handbook for space exploration collectors |
| 260 ## - PUBLICATION, DISTRIBUTION, ETC. (IMPRINT) | |
| Place of publication, distribution, etc. | Niederrhein, Germany |
| Name of publisher, distributor, etc. | H.R. Pfau |
| Date of publication, distribution, etc. | [1969-74?] |
| 650 ## - TOPICAL TERM (Tag) | |
| Topical term or geographic name | | Topical Collecting -- Rockets and Space | Topical Collecting -- Astronomy | Catalogs and Price Lists | Postal Markings | Postal Stationery |
No items available.